000 00918nam a2200277 a 4500
001 77680
003 BD-RjUL
005 20211209083018.0
008 201224s19461910enk 000 0
035 _aCD-0000488755
035 _a(BD-RjUL)77906
040 _aBD-RjUL
_beng
_cBD-RjUL
041 _aeng
082 _223
_a822.3
_bJOC 1946
100 1 _aJonson, Ben,
_d1573?-1637.
_9242917
245 1 4 _aThe complete plays of Ben Jonson /
_cBen Jonson; Introduction by Professor Felix E. Schelling.
260 _aLondon:
_bJ. M. Dent & Sons Ltd.,
_c[1910,1946]
300 _a v.;
_c17 cm.
490 1 _aEveryman's Library; Poetry and the drama
_v490
505 0 1 _avol.1--
650 _aEnglish drama
_9242918
650 _aEnglish drama
_xEarly modern and Elizabethan
_9242919
700 1 _aSchelling, Felix Emanuel,
_eed.
_9242922
830 0 _aEveryman's Library; Poetry and the drama
_9242923
942 _2ddc
_cBK
999 _c77680
_d77680